[Event "POL-chT Academic"]
[Site "Katowice"]
[Date "2020.11.14"]
[Round "1.6"]
[White "Winter, Anna"]
[Black "Kubicka, Anna"]
[Result "0-1"]
[WhiteElo "1455"]
[BlackElo "2256"]
[PlyCount "90"]
[EventDate "2020.11.14"]
[EventType "team-swiss (rapid)"]
[EventRounds "9"]
[EventCountry "POL"]
[SourceTitle "CBM 199 Extra"]
[Source "ChessBase"]
[SourceDate "2021.01.31"]
[SourceVersion "1"]
[SourceVersionDate "2021.01.31"]
[SourceQuality "1"]
[WhiteTeam "Rzeszow Univ"]
[BlackTeam "Warszawa Kozminskiego Akad"]
[WhiteTeamCountry "POL"]
[BlackTeamCountry "POL"]

1. b3 e5 2. Bb2 Nc6 3. e3 a6 4. Nf3 d6 5. Be2 Nf6 6. 0-0 Be7 7. d4 exd4 8. Nxd4 Nxd4 9. Bxd4 0-0 10. Nd2 Bd7 11. c4 Bc6 12. Bf3 Bxf3 13. Qxf3 Qc8 14. Rac1 Re8 15. Rfd1 h6 16. Nf1 Nh7 17. Ng3 Bf6 18. Bxf6 Nxf6 19. Qf5 Re6 20. Ne2 Qe8 21. Nf4 Re5 22. Qc2 Qd7 23. h3 Rg5 24. c5 Rxc5 25. Qxc5 dxc5 26. Rxd7 Nxd7 27. Nd5 c6 28. Nf4 Kf8 29. Nd3 b6 30. Kf1 Ke7 31. Ke2 Kd6 32. Rd1 Kc7 33. Nf4 Nf6 34. Nd3 Nd5 35. Rc1 a5 36. Rc4 a4 37. bxa4 Rxa4 38. Rxa4 Nc3+ 39. Kd2 Nxa4 40. Ne5 f6 41. Nf3 Kd6 42. Kd3 b5 43. Nd2 c4+ 44. Kc2 Nc5 45. f3 Ke5 0-1

[Event "POL-chT U20 2nd League"]
[Site "Szczyrk"]
[Date "2017.07.26"]
[Round "6.93"]
[White "Partyka, Justyna"]
[Black "Winter, Anna"]
[Result "1/2-1/2"]
[WhiteElo "1221"]
[BlackElo "1561"]
[PlyCount "65"]
[EventDate "2017.07.22"]
[EventType "team-swiss"]
[EventRounds "11"]
[EventCountry "POL"]
[SourceTitle "EXT 2019"]
[Source "ChessBase"]
[SourceDate "2018.10.10"]
[SourceVersion "1"]
[SourceVersionDate "2018.10.10"]
[SourceQuality "1"]

1. c4 e5 2. a3 a5 3. Nc3 Nf6 4. g3 Be7 5. Bg2 0-0 6. e3 Nc6 7. Nge2 d6 8. 0-0 Bg4 9. h3 Be6 10. b3 Qc8 11. Kh2 Re8 12. Nd5 h6 13. f4 Bd8 14. Bb2 Bxd5 15. cxd5 Nb8 16. e4 exf4 17. Nxf4 Nxe4 18. Bxg7 Kxg7 19. Qe2 Nf6 20. Nh5+ Kh8 21. Qf3 Nbd7 22. Qc3 Be7 23. Nxf6 Bxf6 24. Rxf6 Nxf6 25. Qxf6+ Kg8 26. Rf1 Qd7 27. Qxh6 Re5 28. Qf4 Rae8 29. h4 b6 30. d4 Re2 31. Qg5+ Kf8 32. Qh6+ Kg8 33. Qg5+ 1/2-1/2

[Event "POL-chT U20 2nd League"]
[Site "Szczyrk"]
[Date "2017.07.26"]
[Round "7.88"]
[White "Winter, Anna"]
[Black "Dixa, Joanna"]
[Result "1/2-1/2"]
[WhiteElo "1561"]
[BlackElo "1301"]
[PlyCount "107"]
[EventDate "2017.07.22"]
[EventType "team-swiss"]
[EventRounds "11"]
[EventCountry "POL"]
[SourceTitle "EXT 2019"]
[Source "ChessBase"]
[SourceDate "2018.10.10"]
[SourceVersion "1"]
[SourceVersionDate "2018.10.10"]
[SourceQuality "1"]

1. e4 c5 2. Nf3 e6 3. d4 cxd4 4. Nxd4 a6 5. Nc3 Qc7 6. Be2 Nf6 7. Bf3 Nc6 8. Nxc6 dxc6 9. 0-0 Bd6 10. g3 0-0 11. Re1 b5 12. a3 Bb7 13. Qe2 Be5 14. Bg2 c5 15. f4 Bd4+ 16. Kh1 Rad8 17. Na2 c4 18. Nc3 Rfe8 19. Bd2 Bc5 20. Rad1 Rd7 21. Be3 Red8 22. Rxd7 Rxd7 23. h3 Qb6 24. Bxc5 Qxc5 25. Rd1 Qc7 26. e5 Rxd1+ 27. Qxd1 Bxg2+ 28. Kxg2 Qc6+ 29. Qf3 Nd5 30. Nxd5 Qxd5 31. Qxd5 exd5 32. Kf3 Kf8 33. Ke3 Ke7 34. f5 g6 35. g4 Kd7 36. Kd4 Kc6 37. e6 fxe6 38. fxe6 Kd6 39. e7 Kxe7 40. Kxd5 Kd7 41. a4 c3 42. b3 bxa4 43. bxa4 Kc7 44. Kc4 Kc6 45. Kxc3 Kc5 46. g5 a5 47. Kb3 Kd5 48. c3 Kc5 49. c4 Kd4 50. h4 Ke5 51. Kc3 Ke4 52. Kc2 Kd4 53. Kb3 Ke5 54. Kc2 1/2-1/2

[Event "POL-chT U20 2nd League"]
[Site "Szczyrk"]
[Date "2017.07.24"]
[Round "3.70"]
[White "Winter, Anna"]
[Black "Wyrzykowska, Aleksandra"]
[Result "0-1"]
[WhiteElo "1561"]
[BlackElo "1321"]
[PlyCount "66"]
[EventDate "2017.07.22"]
[EventType "team-swiss"]
[EventRounds "11"]
[EventCountry "POL"]
[SourceTitle "EXT 2019"]
[Source "ChessBase"]
[SourceDate "2018.10.10"]
[SourceVersion "1"]
[SourceVersionDate "2018.10.10"]
[SourceQuality "1"]

1. e4 c5 2. Nc3 Nc6 3. Nf3 d6 4. Bc4 Bg4 5. h3 Bh5 6. g4 Bg6 7. d3 e6 8. Be3 Be7 9. 0-0 h6 10. Re1 Nf6 11. Bb3 0-0 12. Ne2 d5 13. exd5 exd5 14. a4 d4 15. Bd2 Qc7 16. Nf4 Bh7 17. Nd5 Nxd5 18. Bxd5 Bd6 19. Qc1 Ne5 20. Nxe5 Bxe5 21. Bxb7 Bh2+ 22. Kg2 Qxb7+ 23. Kxh2 Qf3 24. Rf1 Rfe8 25. Bf4 Re2 26. Bg3 Rae8 27. Qd1 Qd5 28. Kg1 c4 29. b4 c3 30. Qb1 Qg5 31. f4 Qe7 32. Re1 Qe3+ 33. Kf1 Qf3+ 0-1

[Event "POL-chT U19 2nd League"]
[Site "Iwonicz"]
[Date "2016.07.31"]
[Round "4.71"]
[White "Robakowska, Paulina"]
[Black "Winter, Anna"]
[Result "1/2-1/2"]
[WhiteElo "1341"]
[BlackElo "1374"]
[PlyCount "74"]
[EventDate "2016.07.23"]
[EventType "team-swiss"]
[EventRounds "11"]
[EventCountry "POL"]
[SourceTitle "EXT 2019"]
[Source "ChessBase"]
[SourceDate "2018.10.10"]
[SourceVersion "1"]
[SourceVersionDate "2018.10.10"]
[SourceQuality "1"]
[WhiteTeam "Rydultowy Ognisko U19 II"]
[BlackTeam "Krosno KKSz Urania U19"]
[WhiteTeamCountry "POL"]
[BlackTeamCountry "POL"]

1. c4 d6 2. Nc3 g6 3. Nf3 Bg7 4. g3 Nf6 5. Bg2 0-0 6. 0-0 Bg4 7. d3 Nbd7 8. Rb1 a5 9. a3 c6 10. b4 axb4 11. axb4 Qc7 12. Qc2 Rfc8 13. b5 Rab8 14. Bb2 d5 15. Qd2 Bxf3 16. Bxf3 e6 17. Bg2 Rd8 18. e3 Ne8 19. Ne2 Nd6 20. Bxg7 Kxg7 21. Qc3+ Kg8 22. cxd5 exd5 23. bxc6 Qxc6 24. Qxc6 bxc6 25. Rxb8 Rxb8 26. Rc1 Rb6 27. Bh3 Ne5 28. d4 Nec4 29. Bd7 Kf8 30. Nc3 Ke7 31. Bh3 h5 32. Bf1 Rb4 33. Bd3 f5 34. h3 Rb3 35. g4 hxg4 36. hxg4 Kf6 37. gxf5 gxf5 1/2-1/2

[Event "POL-chT U19 2nd League"]
[Site "Iwonicz"]
[Date "2016.07.31"]
[Round "11.65"]
[White "Winter, Anna"]
[Black "Paluch, Kornelia"]
[Result "1-0"]
[WhiteElo "1374"]
[BlackElo "1188"]
[PlyCount "91"]
[EventDate "2016.07.23"]
[EventType "team-swiss"]
[EventRounds "11"]
[EventCountry "POL"]
[SourceTitle "EXT 2019"]
[Source "ChessBase"]
[SourceDate "2018.10.10"]
[SourceVersion "1"]
[SourceVersionDate "2018.10.10"]
[SourceQuality "1"]
[WhiteTeam "Krosno KKSz Urania U19"]
[BlackTeam "Wroclaw MUKS MDK Srodmiescie U19 II"]
[WhiteTeamCountry "POL"]
[BlackTeamCountry "POL"]

1. e4 c5 2. Nf3 d6 3. d4 cxd4 4. Nxd4 Nf6 5. Nc3 a6 6. Be2 b5 7. Bf3 Ra7 8. Be3 Rc7 9. Nb3 Nbd7 10. 0-0 Rxc3 11. bxc3 Bb7 12. Re1 Bxe4 13. Bxe4 Nxe4 14. Qd4 Nec5 15. Rad1 Qc7 16. Nxc5 Nxc5 17. Qd5 Ne6 18. Qa8+ Qd8 19. Qxa6 Qd7 20. Qa8+ Qd8 21. Qxd8+ Kxd8 22. Rb1 g6 23. Bd4 Rg8 24. Rxb5 Kc7 25. Reb1 h5 26. a4 Nxd4 27. cxd4 f5 28. a5 Bg7 29. c3 Ra8 30. g3 Bf6 31. R1b4 Kc6 32. d5+ Kc7 33. c4 Bg5 34. Kf1 Bf6 35. Ke2 h4 36. Kd3 hxg3 37. hxg3 g5 38. Rb7+ Kc8 39. R4b6 g4 40. Rb3 Bg5 41. a6 e5 42. a7 e4+ 43. Ke2 f4 44. Rb8+ Rxb8 45. axb8Q+ Kd7 46. Rb7# 1-0

[Event "POL-chT U19 2nd League"]
[Site "Iwonicz"]
[Date "2015.08.01"]
[Round "7.53"]
[White "Kostecka, Marika"]
[Black "Winter, Anna"]
[Result "1-0"]
[WhiteElo "1582"]
[BlackElo "1386"]
[PlyCount "117"]
[EventDate "2015.07.25"]
[EventType "team-swiss"]
[EventRounds "11"]
[EventCountry "POL"]
[SourceTitle "EXT 2019"]
[Source "ChessBase"]
[SourceDate "2018.10.10"]
[SourceVersion "1"]
[SourceVersionDate "2018.10.10"]
[SourceQuality "1"]
[WhiteTeam "Konin UKS Smecz U19"]
[BlackTeam "Krosno KKSz Urania U19"]
[WhiteTeamCountry "POL"]
[BlackTeamCountry "POL"]

1. e4 d5 2. exd5 Qxd5 3. Nc3 Qd6 4. d4 c6 5. Nf3 Nf6 6. g3 Bg4 7. Bg2 e6 8. 0-0 Qc7 9. Bf4 Bd6 10. Bxd6 Qxd6 11. h3 Bh5 12. Ne2 Nbd7 13. Nf4 Bg6 14. Nxg6 hxg6 15. c4 0-0 16. Re1 Rac8 17. c5 Qc7 18. Nd2 Rfd8 19. Qc2 Ne8 20. b4 Ndf6 21. Qc4 a5 22. a4 axb4 23. Qxb4 Nd5 24. Bxd5 Rxd5 25. Nf3 Nf6 26. Reb1 Rd7 27. a5 Nd5 28. Qd2 Ra8 29. Ne5 Re7 30. Nc4 Nf6 31. Nd6 Ra7 32. Rb6 Ne8 33. Qb4 Nf6 34. Qd2 Nd5 35. Rb3 Nf6 36. Rab1 Qxa5 37. Qxa5 Rxa5 38. Rxb7 Ra7 39. Rb8+ Kh7 40. Nc8 Nd5 41. Nxa7 Rxa7 42. R8b7 Rxb7 43. Rxb7 Kg8 44. Rb8+ Kh7 45. Rc8 Nb4 46. Rb8 Nc2 47. Rd8 Kh6 48. Kf1 Kg5 49. Ke2 Kf6 50. Kd3 Nb4+ 51. Kc4 Nd5 52. Rd6 Ne7 53. Kb4 Kf5 54. Ka5 Kf6 55. Ka6 g5 56. Kb7 g6 57. Rxc6 Nxc6 58. Kxc6 Ke7 59. Kb7 1-0

[Event "POL-chT U19 2nd League"]
[Site "Iwonicz"]
[Date "2015.08.01"]
[Round "5.83"]
[White "Kotula, Magdalena"]
[Black "Winter, Anna"]
[Result "1/2-1/2"]
[WhiteElo "1513"]
[BlackElo "1386"]
[PlyCount "67"]
[EventDate "2015.07.25"]
[EventType "team-swiss"]
[EventRounds "11"]
[EventCountry "POL"]
[SourceTitle "EXT 2019"]
[Source "ChessBase"]
[SourceDate "2018.10.10"]
[SourceVersion "1"]
[SourceVersionDate "2018.10.10"]
[SourceQuality "1"]
[WhiteTeam "Gory Strzybniczanka Tarnowskie U19"]
[BlackTeam "Krosno KKSz Urania U19"]
[WhiteTeamCountry "POL"]
[BlackTeamCountry "POL"]

1. e4 e6 2. d4 d5 3. exd5 exd5 4. Bd3 Nf6 5. Bg5 Be7 6. Nd2 Nc6 7. c3 0-0 8. Ne2 Re8 9. Qc2 h6 10. Bf4 a6 11. Nf3 Bd6 12. Bxd6 Qxd6 13. 0-0-0 b5 14. h4 b4 15. c4 dxc4 16. Bxc4 Na5 17. Bd3 b3 18. axb3 Rb8 19. Bc4 Be6 20. Nd2 Qb6 21. Rhe1 Nxb3+ 22. Bxb3 Bxb3 23. Nxb3 Qxb3 24. Qxb3 Rxb3 25. Nc3 Rxe1 26. Rxe1 Kf8 27. Kc2 Rb4 28. Ne2 Ng4 29. Kc3 Rb6 30. f3 Nf6 31. Nf4 Rc6+ 32. Kd3 Rb6 33. Kc3 Rc6+ 34. Kd3 1/2-1/2

[Event "POL-chT U19 2nd League"]
[Site "Iwonicz"]
[Date "2015.08.01"]
[Round "6.83"]
[White "Winter, Anna"]
[Black "Kaszok, Weronika"]
[Result "1/2-1/2"]
[WhiteElo "1386"]
[BlackElo "1390"]
[PlyCount "76"]
[EventDate "2015.07.25"]
[EventType "team-swiss"]
[EventRounds "11"]
[EventCountry "POL"]
[SourceTitle "EXT 2019"]
[Source "ChessBase"]
[SourceDate "2018.10.10"]
[SourceVersion "1"]
[SourceVersionDate "2018.10.10"]
[SourceQuality "1"]
[WhiteTeam "Krosno KKSz Urania U19"]
[BlackTeam "Pszczyna PSSz U19"]
[WhiteTeamCountry "POL"]
[BlackTeamCountry "POL"]

1. e4 d5 2. exd5 Qxd5 3. Nc3 Qa5 4. Nf3 Bg4 5. Be2 Nf6 6. d3 Nbd7 7. Bd2 c6 8. h3 Bh5 9. Ne4 Qc7 10. Ng3 Bg6 11. Nh4 e6 12. Nxg6 hxg6 13. Bf3 Bd6 14. Ne4 Nxe4 15. Bxe4 Nf6 16. Bf3 Nd5 17. Qe2 Nf4 18. Qe4 Nd5 19. Qe2 Nb4 20. Bxb4 Bxb4+ 21. c3 Bd6 22. d4 0-0-0 23. 0-0-0 Rhe8 24. Qc2 Kb8 25. Rhe1 Re7 26. Re2 Red7 27. b3 c5 28. dxc5 Bxc5 29. Red2 Rd6 30. Bg4 Qb6 31. Rxd6 Rxd6 32. Rxd6 Qxd6 33. Qe4 Qe7 34. Qf4+ Bd6 35. Qd4 Bc5 36. Qf4+ Bd6 37. Qd4 Bc5 38. Qf4+ Bd6 1/2-1/2

[Event "POL-chT U19 2nd League"]
[Site "Iwonicz"]
[Date "2015.08.01"]
[Round "10.47"]
[White "Winter, Anna"]
[Black "Parol, Pola"]
[Result "0-1"]
[WhiteElo "1386"]
[BlackElo "1713"]
[PlyCount "114"]
[EventDate "2015.07.25"]
[EventType "team-swiss"]
[EventRounds "11"]
[EventCountry "POL"]
[SourceTitle "EXT 2019"]
[Source "ChessBase"]
[SourceDate "2018.10.10"]
[SourceVersion "1"]
[SourceVersionDate "2018.10.10"]
[SourceQuality "1"]
[WhiteTeam "Krosno KKSz Urania U19"]
[BlackTeam "Minsk Mazowiecki MTSz U19"]
[WhiteTeamCountry "POL"]
[BlackTeamCountry "POL"]

1. e4 c5 2. Nf3 e6 3. d4 cxd4 4. Nxd4 a6 5. Bd3 Qc7 6. Nc3 Nf6 7. 0-0 b5 8. a3 Bb7 9. Re1 d6 10. Bd2 Be7 11. Qe2 Nbd7 12. Kh1 Nc5 13. Rac1 d5 14. exd5 Nxd5 15. Nxd5 Bxd5 16. h3 Qb7 17. f3 Nxd3 18. Qxd3 0-0 19. Bc3 Bh4 20. Red1 Bg5 21. Bd2 Bf6 22. Bc3 Rfd8 23. Qe3 a5 24. Ne2 e5 25. Ng3 b4 26. axb4 axb4 27. Bd2 Rac8 28. Ne4 Bxe4 29. Qxe4 Qxe4 30. fxe4 b3 31. c3 Rc4 32. Kg1 Rxe4 33. Kf2 Ra4 34. Be3 Ra2 35. Rxd8+ Bxd8 36. Rb1 f5 37. Bc5 Kf7 38. Ba3 Be7 39. Bxe7 Kxe7 40. Ke3 Ra4 41. Rd1 f4+ 42. Kf3 g5 43. Rd5 e4+ 44. Ke2 Ra2 45. Re5+ Kf6 46. Rxe4 Rxb2+ 47. Kf3 Rc2 48. Rc4 b2 49. Rb4 Rxc3+ 50. Ke2 Rc2+ 51. Kf3 h5 52. Rb5 Ke6 53. Rb8 Kd5 54. Rb7 Kd4 55. Rd7+ Kc3 56. Rc7+ Kd2 57. Rb7 Kc1 0-1

[Event "POL-chT U19 2nd League"]
[Site "Szczyrk"]
[Date "2014.07.28"]
[Round "5.72"]
[White "Winter, Anna"]
[Black "Bakalarczyk, Zuzanna"]
[Result "1/2-1/2"]
[WhiteElo "1340"]
[BlackElo "1239"]
[PlyCount "98"]
[EventDate "2014.07.25"]
[EventType "team-swiss"]
[EventRounds "11"]
[EventCountry "POL"]
[SourceTitle "EXT 2015"]
[Source "ChessBase"]
[SourceDate "2014.11.20"]
[SourceVersion "1"]
[SourceVersionDate "2014.11.20"]
[SourceQuality "1"]
[WhiteTeam "Krosno KKSz Urania U19"]
[BlackTeam "Wielun UKS Piatka U19"]
[WhiteTeamCountry "POL"]
[BlackTeamCountry "POL"]

1. e4 e5 2. Nf3 Nf6 3. Nxe5 d6 4. Nf3 Nxe4 5. d3 Nf6 6. Be2 Be7 7. 0-0 Bg4 8. Nbd2 0-0 9. Re1 Nc6 10. Nf1 d5 11. Ng3 Bd6 12. c3 Ne7 13. Qc2 h6 14. Nd4 Bxe2 15. Ndxe2 Ng6 16. Bd2 c6 17. d4 Qc7 18. Qf5 Nh7 19. Rad1 Rfe8 20. Qf3 Rad8 21. h3 Qe7 22. Nf5 Qf6 23. Neg3 Bxg3 24. Nxg3 Qxf3 25. gxf3 Nf6 26. Re3 Re6 27. Nf5 Rde8 28. Rde1 Kf8 29. b3 a6 30. Bc1 Rxe3 31. Rxe3 Rxe3 32. fxe3 Ne8 33. Kf2 f6 34. Ba3+ Kf7 35. Bc5 Nf8 36. Nd6+ Nxd6 37. Bxd6 Ne6 38. Kg3 g6 39. Bf4 h5 40. c4 f5 41. h4 Kf6 42. Be5+ Kf7 43. f4 Ke7 44. Kf2 b5 45. cxd5 cxd5 46. b4 Kd7 47. Ke2 Kc6 48. Kd2 Kb6 49. Kc3 Kc6 1/2-1/2

[Event "POL-chT U19 2nd League"]
[Site "Szczyrk"]
[Date "2014.07.26"]
[Round "3.66"]
[White "Winter, Anna"]
[Black "Szulc, Patrycja"]
[Result "1/2-1/2"]
[WhiteElo "1340"]
[BlackElo "1383"]
[PlyCount "90"]
[EventDate "2014.07.25"]
[EventType "team-swiss"]
[EventRounds "11"]
[EventCountry "POL"]
[SourceTitle "EXT 2015"]
[Source "ChessBase"]
[SourceDate "2014.11.20"]
[SourceVersion "1"]
[SourceVersionDate "2014.11.20"]
[SourceQuality "1"]
[WhiteTeam "Krosno KKSz Urania U19"]
[BlackTeam "Wroclaw KS Polonia U19 II"]
[WhiteTeamCountry "POL"]
[BlackTeamCountry "POL"]

1. e4 c5 2. Nf3 d6 3. c3 d5 4. exd5 Qxd5 5. Be2 Nf6 6. 0-0 e6 7. d4 cxd4 8. Qxd4 Qc6 9. Bg5 Be7 10. Nbd2 0-0 11. Qd3 Nbd7 12. Nd4 Qc7 13. Rfe1 Nc5 14. Qc2 a6 15. Rad1 h6 16. Bh4 Bd7 17. Bg3 Qc8 18. Bf3 Rd8 19. Ne4 Nfxe4 20. Bxe4 Nxe4 21. Qxe4 Bc5 22. h3 Bxd4 23. Rxd4 Bc6 24. Qe3 Bd5 25. Red1 b5 26. Bh2 Qb7 27. g4 Rdc8 28. a3 a5 29. Qe5 Rc4 30. Rxc4 Bxc4 31. Qe3 b4 32. axb4 axb4 33. cxb4 Qxb4 34. Be5 Bb3 35. Bc3 Qc4 36. Rd4 Ra1+ 37. Kh2 Qc7+ 38. Qg3 Qc8 39. Re4 Qa8 40. Re1 Rxe1 41. Bxe1 Qd5 42. Bc3 Qc5 43. Qb8+ Kh7 44. Qxb3 Qxf2+ 45. Kh1 Qf1+ 1/2-1/2

[Event "POL-chT U19 2nd League"]
[Site "Borowice"]
[Date "2012.07.25"]
[Round "7"]
[White "Sekowska, Helena"]
[Black "Winter, Anna"]
[Result "0-1"]
[WhiteElo "1472"]
[BlackElo "1349"]
[PlyCount "46"]
[EventDate "2012.07.21"]
[EventType "team-swiss"]
[EventRounds "11"]
[EventCountry "POL"]
[SourceTitle "EXT 2014"]
[Source "ChessBase"]
[SourceDate "2013.11.20"]
[SourceVersion "1"]
[SourceVersionDate "2013.11.20"]
[SourceQuality "1"]
[WhiteTeam "Wroclaw MUKS MDK Srodmiescie U19 II"]
[BlackTeam "Krosno KKSz Urania U19"]
[WhiteTeamCountry "POL"]
[BlackTeamCountry "POL"]

1. e4 d5 2. exd5 Qxd5 3. Nc3 Qa5 4. Nf3 c6 5. d4 Bf5 6. Bd2 e6 7. Bc4 Nd7 8. a3 Ngf6 9. 0-0 Qc7 10. Re1 Bd6 11. h3 0-0 12. Nh4 Bg6 13. Nxg6 hxg6 14. Bd3 Rfe8 15. Ne4 Nxe4 16. Bxe4 Nf6 17. Bd3 Rad8 18. c3 c5 19. dxc5 Bh2+ 20. Kh1 Rxd3 21. g3 Bxg3 22. fxg3 Rxg3 23. Re3 Qc6+ 0-1

[Event "POL-chT U19 2nd League"]
[Site "Borowice"]
[Date "2012.07.24"]
[Round "5"]
[White "Burdzy, Joanna"]
[Black "Winter, Anna"]
[Result "1-0"]
[WhiteElo "1541"]
[BlackElo "1349"]
[PlyCount "110"]
[EventDate "2012.07.21"]
[EventType "team-swiss"]
[EventRounds "11"]
[EventCountry "POL"]
[SourceTitle "EXT 2014"]
[Source "ChessBase"]
[SourceDate "2013.11.20"]
[SourceVersion "1"]
[SourceVersionDate "2013.11.20"]
[SourceQuality "1"]
[WhiteTeam "Gorlice GKSz Kornuty U19"]
[BlackTeam "Krosno KKSz Urania U19"]
[WhiteTeamCountry "POL"]
[BlackTeamCountry "POL"]

1. e4 d5 2. exd5 Qxd5 3. Nc3 Qd6 4. Bc4 Nf6 5. d3 c6 6. Nge2 Bf5 7. Bf4 Qd8 8. Ng3 Bg6 9. 0-0 e6 10. Re1 Be7 11. Qf3 0-0 12. Rad1 Nbd7 13. Nge4 Nd5 14. Bd2 Ne5 15. Qe2 Nxc4 16. dxc4 Nf6 17. Bg5 Nd7 18. Nc5 Bxg5 19. Nxd7 Re8 20. Ne4 Bxe4 21. Qxe4 Qc7 22. h4 Be7 23. Ne5 Bf6 24. Rd7 Qxe5 25. Qxe5 Bxe5 26. Rxe5 Rab8 27. Re3 Red8 28. Red3 Rxd7 29. Rxd7 Kf8 30. c5 Ke8 31. Rc7 a5 32. b3 a4 33. Kf1 axb3 34. cxb3 Rd8 35. Rxb7 Rd5 36. b4 Rd1+ 37. Ke2 Ra1 38. Ra7 Rb1 39. a3 Rb2+ 40. Kf3 Rb3+ 41. Kf4 Rb2 42. Kg3 Rb3+ 43. Kh2 Rb2 44. f3 h5 45. Rc7 Ra2 46. Rxc6 Rxa3 47. Rd6 Ke7 48. Rb6 Rc3 49. c6 Kd8 50. b5 Rc5 51. Rb7 Ke8 52. c7 Kd7 53. b6 Rc6 54. Rb8 g6 55. Rd8+ Ke7 1-0